[Event "Amber-blind 8th"]
[Site "Monte Carlo"]
[Date "1999.03.22"]
[Round "6"]
[White "Ivanchuk, Vassily"]
[Black "Kramnik, Vladimir"]
[Result "0-1"]
[WhiteElo "2714"]
[BlackElo "2751"]
[PlyCount "52"]
[EventDate "1999.03.16"]
[Source "ChessBase"]
[SourceDate "1999.05.10"]

1. Nf3 d5 2. c4 e6 3. g3 Nf6 4. Bg2 dxc4 5. Qa4+ c6 6. Qxc4 b5 7. Qc2 Bb7 8. a4 Be7 9. Ne5 Nd5 10. O-O O-O 11. d4 Na6 12. Nc3 b4 13. Ne4 c5 14. dxc5 Rc8 15. c6 Nb8 16. Nc5 Bxc6 17. Ncd3 Bb7 18. Qb3 Nc6 19. Nxc6 Bxc6 20. Bd2 a5 21. Rfc1 Bb7 22. Bf3 Qd6 23. e4 Nc3 24. bxc3 Qxd3 25. Be3 Rxc3 26. Rxc3 Qxc3 0-1

[Event "Corr"]
[Site "?"]
[Date "2002.01.15"]
[Round "?"]
[White "Van Oosterom Joop"]
[Black "Tarnowiecki Harald"]
[Result "1-0"]
[WhiteElo "2714"]
[BlackElo "2692"]
[PlyCount "95"]
[EventDate "2002.??.??"]
[Source "www.chesslib.no"]
[SourceDate "2004.05.04"]

1. c4 e6 2. Nf3 Nf6 3. g3 d5 4. Bg2 dxc4 5. Qa4+ c6 6. Qxc4 b5 7. Qc2 Bb7 8. O-O Nbd7 9. Nc3 a6 10. a4 Rc8 11. Rd1 Be7 12. d4 c5 13. axb5 axb5 14. dxc5 Bxc5 15. Ne5 Bxg2 16. Nxd7 Nxd7 17. Kxg2 Qc7 18. Qd3 b4 19. Ne4 Qc6 20. f3 Ne5 21. Qb3 Qb5 22. Qa4 Qxa4 23. Rxa4 O-O 24. Nxc5 Rxc5 25. Rxb4 h6 26. Kf2 Rfc8 27. Be3 Rc2 28. Rd2 f6 29. Rb7 Rxd2 30. Bxd2 Rc2 31. Bc3 Nc4 32. g4 Nd6 33. Rb6 Nc4 34. Rb8+ Kh7 35. h4 e5 36. h5 Rc1 37. Rb4 Nd6 38. Ke3 Rd1 39. Ra4 Nb5 40. Rc4 g6 41. Rc5 Nxc3 42. Rxc3 gxh5 43. gxh5 Rd4 44. b3 Rh4 45. Rc1 Kg7 46. Rb1 Rb4 47. Kd3 Kf7 48. e4 1-0

[Event "EU-chT (Men)"]
[Site "Debrecen"]
[Date "1992.??.??"]
[Round "2"]
[White "Kasparov, Garry"]
[Black "Rozentalis, Eduardas"]
[Result "1-0"]
[WhiteElo "2780"]
[BlackElo "2585"]
[PlyCount "43"]
[EventDate "1992.11.??"]
[Source "ChessBase"]

1. c4 e6 2. Nc3 Bb4 3. Qb3 a5 4. a3 Bxc3 5. Qxc3 Nf6 6. d4 O-O 7. Bg5 d6 8. e3 Qe7 9. Bd3 e5 10. Ne2 Nc6 11. f3 h6 12. Bh4 a4 13. O-O Bd7 14. Rae1 Rfe8 15. Qc2 Na5 16. Nc3 g5 17. Bg3 Nb3 18. f4 e4 19. Be2 Kg7 20. fxg5 hxg5 21. Rf2 Rh8 22. Ref1 1-0

[Event "Leon 83/480"]
[Site "?"]
[Date "2001.??.??"]
[Round "?"]
[White "Papaioannou, I."]
[Black "Adams, M."]
[Result "0-1"]
[WhiteElo "2591"]
[BlackElo "2731"]
[PlyCount "86"]
[EventDate "2001.??.??"]
[Source "Chess Informant"]
[SourceDate "2001.10.01"]

1. Nf3 Nf6 2. c4 e6 3. g3 d5 4. Bg2 dxc4 5. Qa4+ c6 6. Qxc4 b5 7. Qb3 Bb7 8. O-O Nbd7 9. d4 a6 10. a4 c5 11. axb5 Bd5 12. Qd1 axb5 13. Rxa8 Qxa8 14. Nc3 Bc6 15. Nh4 Bxg2 16. Nxg2 b4 17. Nb5 Qc6 18. Qa4 Be7 19. dxc5 O-O 20. Be3 Bxc5 21. Nc3 Qb7 22. Nb1 Ra8 23. Qd1 h5 24. Nd2 Qb5 25. Nf3 Nd5 26. Bxc5 Nxc5 27. Nd4 Qb6 28. Nb3 Ne4 29. e3 g6 30. Qd3 Ndf6 31. Qe2 e5 32. Nd2 Rc8 33. Nxe4 Nxe4 34. Rd1 b3 35. Ne1 Kg7 36. Ra1 Qb7 37. Qf3 Rc4 38. Nd3 Qc7 39. h4 Nf6 40. Ra6 Ng4 41. e4 Rd4 42. Kg2 Rd7 43. Ra4 Qc2 0-1

[Event "Madrid"]
[Site "?"]
[Date "1997.??.??"]
[Round "?"]
[White "Akopian, V."]
[Black "Salov, Va"]
[Result "1-0"]
[WhiteElo "2655"]
[BlackElo "2665"]
[PlyCount "113"]
[EventDate "1997.??.??"]
[Source "ChessBase"]
[SourceDate "1997.02.01"]

1. c4 Nf6 2. Nf3 e6 3. g3 b6 4. Bg2 Bb7 5. O-O Be7 6. Nc3 O-O 7. Re1 d5 8. cxd5 Nxd5 9. e4 Nxc3 10. bxc3 Nc6 11. d4 Na5 12. Bf4 Bd6 13. Ne5 Qe8 14. Nd3 Rd8 15. Qg4 Kh8 16. e5 Be7 17. Bxb7 Nxb7 18. Bg5 Bxg5 19. Qxg5 h6 20. Qg4 c5 21. Nf4 cxd4 22. cxd4 Qe7 23. h4 Rxd4 24. Ng6+ fxg6 25. Qxd4 g5 26. hxg5 Qxg5 27. Qe3 Qf5 28. Rad1 Nc5 29. Rd4 Qc2 30. a3 Kh7 31. Kg2 Qg6 32. Red1 Qh5 33. R1d2 Rf5 34. Re2 Rf8 35. Rh4 Qg6 36. Rd2 Rf5 37. Rdd4 Qe8 38. Rdf4 Rg5 39. Rfg4 Qc6+ 40. Kg1 Rxg4 41. Rxg4 Qd5 42. Rd4 Qa8 43. Qe2 Qe8 44. Qc2+ Kg8 45. Qd1 Qg6 46. Rd8+ Kh7 47. Qf3 Qg5 48. Qa8 Qc1+ 49. Kg2 Qxa3 50. Rh8+ Kg6 51. Qe8+ Kf5 52. Qf7+ Kxe5 53. Rd8 g5 54. Qg7+ Kf5 55. f3 Qa2+ 56. Kh3 g4+ 57. fxg4+ 1-0

[Event "Pula"]
[Site "?"]
[Date "1997.??.??"]
[Round "?"]
[White "Bareev, E."]
[Black "Rozentalis, E."]
[Result "1-0"]
[WhiteElo "2665"]
[BlackElo "2650"]
[PlyCount "97"]
[EventDate "1997.??.??"]
[Source "ChessBase"]
[SourceDate "1997.02.01"]

1. c4 e6 2. Nc3 Bb4 3. Qb3 Nc6 4. Nf3 Nf6 5. a3 Bxc3 6. Qxc3 d5 7. e3 O-O 8. b4 Ne4 9. Qc2 Ng5 10. Bb2 Bd7 11. cxd5 Nxf3+ 12. gxf3 exd5 13. Rg1 f6 14. Bd3 h6 15. Bh7+ Kh8 16. Rxg7 Kxg7 17. Qg6+ Kh8 18. Qxh6 Qe7 19. Bg6+ Kg8 20. Ke2 Qg7 21. Qh5 Rfd8 22. Rg1 Kf8 23. Rg3 Ke7 24. Bf5 Qf7 25. Bxf6+ Qxf6 26. Qh7+ Qf7 27. Rg7 Be8 28. Bg6 Qxg7 29. Qxg7+ Ke6 30. Bh7 Ne7 31. f4 Bb5+ 32. d3 Rf8 33. Qe5+ Kd7 34. f5 Rae8 35. f6 Nc8 36. Qxd5+ Nd6 37. Bg6 Re6 38. Bf5 Rfxf6 39. Bxe6+ Rxe6 40. h4 Ke7 41. Qc5 a6 42. Qxc7+ Kf6 43. Qd8+ Kf7 44. Kd2 Nf5 45. Qc7+ Re7 46. Qf4 Ke6 47. e4 Nd4 48. Qh6+ Kd7 49. Qf6 1-0

[Event "Wijk aan Zee"]
[Site "?"]
[Date "2000.??.??"]
[Round "?"]
[White "Korchnoi, V."]
[Black "Nikolic, Pr"]
[Result "0-1"]
[WhiteElo "2655"]
[BlackElo "2655"]
[PlyCount "38"]
[EventDate "2000.??.??"]
[Source "Chess Informant"]
[SourceDate "1999.10.01"]

1. Nf3 Nf6 2. c4 e6 3. g3 a6 4. Nc3 d5 5. cxd5 exd5 6. Bg2 Be7 7. O-O O-O 8. d4 c6 9. Ne5 Nbd7 10. f4 Bb4 11. Qb3 a5 12. a3 Bxc3 13. bxc3 a4 14. Qc2 Nb6 15. Rb1 Ne8 16. c4 dxc4 17. Rd1 Nd6 18. Bd2 Bf5 19. e4 Nxe4 0-1

[Event "Riga Tal"]
[Site "?"]
[Date "1995.??.??"]
[Round "?"]
[White "Vaganian, Rafael A"]
[Black "Jussupow, Artur M"]
[Result "1/2-1/2"]
[WhiteElo "2640"]
[BlackElo "2660"]
[PlyCount "28"]
[EventDate "1995.??.??"]
[Source "www.chesslib.no"]
[SourceDate "2004.05.04"]

1. c4 e6 2. g3 d5 3. Bg2 Nf6 4. Nf3 dxc4 5. Qa4+ Nbd7 6. Qxc4 a6 7. Qc2 c5 8. Nc3 Ra7 9. O-O b6 10. d4 Bb7 11. e4 cxd4 12. Nxd4 Bc5 13. Rd1 Qa8 14. Nb3 Bb4 1/2-1/2

[Event "Arctic Chess Challenge"]
[Site "Tromso NOR"]
[Date "2007.08.10"]
[Round "7"]
[White "Burmakin, V."]
[Black "Carlsen, M."]
[Result "0-1"]
[WhiteElo "2581"]
[BlackElo "2710"]
[PlyCount "99"]
[EventDate "2007.08.04"]
[Source "www.chesslib.no"]
[SourceDate "2004.05.04"]

1. Nf3 Nf6 2. c4 e6 3. g3 d5 4. b3 d4 5. Bg2 Nc6 6. O-O e5 7. d3 a5 8. e3 Be7 9. exd4 exd4 10. Na3 O-O 11. Nc2 Bf5 12. Re1 Qd7 13. Bb2 Bc5 14. Ne5 Nxe5 15. Rxe5 Bd6 16. Re1 c5 17. Na3 Rae8 18. Qd2 b6 19. Nb5 Bb8 20. a3 Ng4 21. h3 Ne5 22. g4 Bg6 23. f4 Nxd3 24. Rxe8 Rxe8 25. f5 Bxf5 26. gxf5 Qxf5 27. Rd1 Re3 28. Nxd4 cxd4 29. Bxd4 Rg3 30. Bf2 Rxh3 31. Bxh3 Qxh3 32. Bxb6 Bh2+ 33. Qxh2 Qg4+ 34. Kh1 Qxd1+ 35. Bg1 h6 36. Qg2 Qe1 37. Qa8+ Kh7 38. Qf3 Ne5 39. Qf4 Ng6 40. Qe3 Qf1 41. Kh2 f5 42. Bf2 a4 43. bxa4 Qxc4 44. a5 Qc7+ 45. Kg1 Qxa5 46. Qa7 Qd2 47. a4 Nf4 48. Qc5 Qd1+ 49. Kh2 Qg4 50. Bd4 0-1

[Event "Camp. russo a squadre 2007"]
[Site "Sochi RUS"]
[Date "2007.05.02"]
[Round "1"]
[White "Malakhov, V."]
[Black "Landa, K."]
[Result "1/2-1/2"]
[WhiteElo "2679"]
[BlackElo "2608"]
[PlyCount "77"]
[EventDate "2007.05.02"]
[Source "www.chesslib.no"]
[SourceDate "2004.05.04"]

1. Nf3 d5 2. c4 e6 3. b3 Nf6 4. g3 a5 5. Nc3 d4 6. Nb5 Nc6 7. Bg2 e5 8. O-O Bc5 9. e3 O-O 10. exd4 Nxd4 11. Nbxd4 Bxd4 12. Nxd4 Qxd4 13. Ba3 Re8 14. Qc2 c6 15. Rae1 a4 16. Bb4 Qg4 17. Qb2 Qh5 18. h4 a3 19. Bxa3 e4 20. Bb4 Bg4 21. Re3 Be2 22. Re1 Bd3 23. Bc3 Ng4 24. Bxg7 Qf5 25. f3 Nxe3 26. Rxe3 exf3 27. Rxf3 Qg4 28. Be5 Be4 29. Rf4 Qd1+ 30. Bf1 f5 31. Bh8 Re7 32. Bf6 Re6 33. Qd4 c5 34. Qf2 Rxf6 35. Rxe4 fxe4 36. Qxf6 Rf8 37. Qg5+ Kh8 38. Qe5+ Kg8 39. Qg5+ 1/2-1/2

[Event "Groningen"]
[Site "?"]
[Date "1993.??.??"]
[Round "?"]
[White "Gulko, B."]
[Black "Beliavsky, A."]
[Result "1-0"]
[WhiteElo "2635"]
[BlackElo "2650"]
[PlyCount "107"]
[EventDate "1993.??.??"]
[Source "ChessBase"]
[SourceDate "1993.10.01"]

1. Nf3 d5 2. c4 e6 3. b3 a5 4. e3 a4 5. bxa4 Nd7 6. Nc3 c6 7. cxd5 exd5 8. Be2 Nc5 9. O-O Qa5 10. Qc2 Nxa4 11. e4 dxe4 12. Qxe4+ Be7 13. Bc4 Nc5 14. Qe5 Be6 15. Bxe6 Nxe6 16. Rb1 Qxe5 17. Nxe5 Bf6 18. f4 Nd8 19. a4 Be7 20. Re1 f6 21. Nc4 Kf7 22. Ne4 Nh6 23. a5 Rf8 24. Rb3 Kg8 25. Rd3 Ne6 26. Rd7 Bc5+ 27. Kf1 Rab8 28. g3 Bb4 29. Ned6 Nc5 30. Rc7 Na6 31. Rxb7 Rxb7 32. Nxb7 Nf5 33. Ba3 Bxa3 34. Nxa3 Rb8 35. Rb1 Kf8 36. Rb6 Nd4 37. Nc4 Ke7 38. Kf2 Ra8 39. Rb1 Rb8 40. Rb6 Ra8 41. Ke3 Nc2+ 42. Ke4 Ncb4 43. d4 Re8 44. Nc5 Kf8+ 45. Kf3 Nxc5 46. dxc5 Nc2 47. a6 Nd4+ 48. Kg4 h5+ 49. Kxh5 Kg8 50. a7 Kh7 51. Rb8 Re2 52. Rb2 Re8 53. Ra2 f5 54. Kh4 1-0

[Event "Yongchuan zt 3.3"]
[Site "Yongchuan"]
[Date "2003.07.11"]
[Round "1"]
[White "Xu Jun"]
[Black "Zhang Zhong"]
[Result "1/2-1/2"]
[WhiteElo "2626"]
[BlackElo "2658"]
[PlyCount "67"]
[EventDate "2003.07.11"]
[Source "ChessBase"]
[SourceDate "2003.11.11"]

1. Nf3 Nf6 2. c4 e6 3. g3 d5 4. Bg2 d4 5. O-O c5 6. e3 Nc6 7. exd4 cxd4 8. d3 Bd6 9. a3 a5 10. Bg5 h6 11. Bxf6 Qxf6 12. Nbd2 Qd8 13. Qc2 O-O 14. c5 Bc7 15. b3 e5 16. Rab1 Be6 17. b4 axb4 18. axb4 Ra3 19. b5 Na5 20. b6 Bb8 21. Rfc1 Qe7 22. Qb2 Ra2 23. Qb5 Bd7 24. Qb4 Nc6 25. Qb3 Ra5 26. Qc2 Rc8 27. Nb3 Ra4 28. Qe2 Be6 29. Nfd2 Ra2 30. Qf3 f5 31. Ra1 Rb2 32. Rab1 Ra2 33. Ra1 Rb2 34. Rab1 1/2-1/2

[Event "Camp. russo a squadre 2007"]
[Site "Sochi RUS"]
[Date "2007.05.04"]
[Round "3"]
[White "Korchnoi, V."]
[Black "Zvjaginsev, V."]
[Result "1/2-1/2"]
[WhiteElo "2623"]
[BlackElo "2659"]
[PlyCount "61"]
[EventDate "2007.05.02"]
[Source "www.chesslib.no"]
[SourceDate "2004.05.04"]

1. Nf3 Nf6 2. c4 e6 3. g3 d5 4. Bg2 Nc6 5. cxd5 exd5 6. O-O g6 7. d4 Bg7 8. Nc3 O-O 9. Bf4 Ne7 10. b4 a6 11. Rc1 c6 12. Be5 Nf5 13. a4 Nd6 14. b5 axb5 15. Bxd6 Qxd6 16. axb5 Be6 17. e3 c5 18. dxc5 Qxc5 19. Nd4 Qb4 20. Nce2 Bg4 21. Qe1 Qd6 22. Nf4 Rfe8 23. h3 Bd7 24. Qc3 g5 25. Nfe2 Rac8 26. Qb3 Ne4 27. Rxc8 Rxc8 28. Rd1 Re8 29. g4 Qc5 30. Rc1 Qd6 31. Rd1 1/2-1/2

[Event "HZ Open, Vlissingen NED"]
[Site "?"]
[Date "2001.??.??"]
[Round "5"]
[White "Psakhis, L."]
[Black "Kasimdzhanov, R."]
[Result "1/2-1/2"]
[WhiteElo "2565"]
[BlackElo "2700"]
[PlyCount "57"]
[EventDate "2001.??.??"]
[Source "www.chesslib.no"]
[SourceDate "2004.05.04"]

1. Nf3 Nf6 2. c4 e6 3. g3 d5 4. b3 d4 5. e3 dxe3 6. fxe3 b6 7. Bg2 Bb7 8. O-O Nbd7 9. Bb2 Be7 10. d4 O-O 11. Nbd2 c5 12. Qe2 Qc7 13. Ne5 cxd4 14. exd4 Nxe5 15. dxe5 Bxg2 16. Kxg2 Nd7 17. Nf3 Rad8 18. Rad1 Nc5 19. Rxd8 Rxd8 20. Rd1 Rxd1 21. Qxd1 Qb7 22. Qe2 h6 23. h3 a6 24. Bd4 Nd7 25. Kh2 b5 26. Nd2 bxc4 27. Nxc4 Qd5 28. Bb2 Bb4 29. h4 1/2-1/2

[Event "Silivri"]
[Site "?"]
[Date "2003.??.??"]
[Round "?"]
[White "Ivanchuk, V."]
[Black "Goloshchapov, A."]
[Result "1/2-1/2"]
[WhiteElo "2704"]
[BlackElo "2558"]
[PlyCount "31"]
[EventDate "2003.??.??"]
[Source "Chess Informant"]
[SourceDate "2003.10.01"]

1. Nf3 d5 2. c4 e6 3. g3 dxc4 4. Bg2 Nf6 5. Qa4+ c6 6. Qxc4 b5 7. Qc2 Bb7 8. Nc3 Nbd7 9. O-O Be7 10. d4 Rc8 11. Ne5 Nxe5 12. dxe5 Nd5 13. Ne4 c5 14. Bg5 Nb4 15. Bxe7 Qxe7 16. Nd6+ 1/2-1/2

[Event "Horgen"]
[Site "?"]
[Date "1995.??.??"]
[Round "?"]
[White "Gulko, B."]
[Black "Ehlvest, J."]
[Result "0-1"]
[WhiteElo "2620"]
[BlackElo "2630"]
[PlyCount "62"]
[EventDate "1995.??.??"]
[Source "ChessBase"]
[SourceDate "1995.10.01"]

1. c4 e6 2. Nc3 b6 3. b3 Bb7 4. Bb2 Nf6 5. e3 Be7 6. Nf3 O-O 7. d4 d5 8. Bd3 Nbd7 9. O-O Re8 10. Rc1 a6 11. Qe2 c5 12. cxd5 exd5 13. Rfd1 g6 14. Ne5 cxd4 15. exd4 Nh5 16. Nxd7 Qxd7 17. Qf3 b5 18. a4 Bc6 19. axb5 axb5 20. Ra1 Nf6 21. Qe2 Rxa1 22. Rxa1 Bd6 23. Qf1 b4 24. Na4 Qc7 25. g3 Ne4 26. Qc1 h5 27. Qc2 h4 28. Rc1 hxg3 29. Qxc6 gxh2+ 30. Kg2 Qxc6 31. Rxc6 Nxf2 0-1

[Event "Ubeda"]
[Site "?"]
[Date "1997.??.??"]
[Round "?"]
[White "Akopian, V."]
[Black "Almasi, Z."]
[Result "1-0"]
[WhiteElo "2655"]
[BlackElo "2595"]
[PlyCount "87"]
[EventDate "1997.??.??"]
[Source "ChessBase"]
[SourceDate "1997.02.01"]

1. Nf3 Nf6 2. c4 e6 3. g3 d5 4. Bg2 dxc4 5. Qa4+ Nbd7 6. Qxc4 c5 7. d3 Bd6 8. a4 O-O 9. Qb3 Rb8 10. Na3 Bc7 11. Nb5 Ba5+ 12. Bd2 a6 13. Na7 c4 14. Qxc4 Bxd2+ 15. Nxd2 Nb6 16. Qc5 Bd7 17. a5 Na4 18. Qb4 Qc7 19. O-O b5 20. Nc6 Bxc6 21. Rfc1 Nd5 22. Bxd5 exd5 23. Nf3 Rfc8 24. Nd4 Qd7 25. b3 Nb2 26. Rab1 Nc4 27. bxc4 dxc4 28. Nxc6 Rxc6 29. Rxc4 bxc4 30. Qxb8+ Rc8 31. dxc4 g6 32. Qf4 Qe6 33. Rb8 Rxb8 34. Qxb8+ Kg7 35. Qb2+ Kg8 36. Qb8+ Kg7 37. Qb2+ Kg8 38. c5 Qc4 39. Qb8+ Kg7 40. Qe5+ Kg8 41. Qe8+ Kg7 42. c6 Qc3 43. Qe4 Qxa5 44. Qc4 1-0

[Event "Magistral"]
[Site "Pamplona ESP"]
[Date "2007.12.26"]
[Round "5"]
[White "Beliavsky, A."]
[Black "Khamrakulov, I."]
[Result "0-1"]
[WhiteElo "2646"]
[BlackElo "2604"]
[PlyCount "54"]
[EventDate "2007.12.22"]
[Source "www.chesslib.no"]
[SourceDate "2004.05.04"]

1. Nf3 Nf6 2. c4 e6 3. g3 b6 4. Bg2 Bb7 5. O-O Be7 6. Nc3 O-O 7. Re1 d5 8. cxd5 Nxd5 9. Nxd5 Bxd5 10. e4 Bb7 11. d4 Nd7 12. Bf4 Nf6 13. Qc2 c5 14. Rad1 cxd4 15. Nxd4 Qc8 16. Qe2 Bb4 17. Rc1 Qe8 18. Bd2 Bxd2 19. Qxd2 Qd7 20. e5 Bxg2 21. exf6 Qd5 22. Qf4 Bh3 23. f3 Rfd8 24. Re4 Rac8 25. Rxc8 Rxc8 26. g4 gxf6 27. Qxf6 Qxe4 0-1

[Event "Clermont Ferrand"]
[Site "Clermont Ferrand"]
[Date "1989.??.??"]
[Round "?"]
[White "Kortschnoj, Viktor"]
[Black "Sokolov, Andrei"]
[Result "1/2-1/2"]
[WhiteElo "2655"]
[BlackElo "2595"]
[PlyCount "34"]
[EventDate "1989.07.??"]
[Source "ChessBase"]

1. c4 Nf6 2. Nf3 e6 3. g3 d5 4. Bg2 dxc4 5. Qa4+ Nbd7 6. Qxc4 c5 7. O-O b6 8. d3 Bb7 9. b3 Be7 10. Bb2 O-O 11. Nbd2 Rc8 12. Rfd1 Qc7 13. a3 Rfd8 14. Rac1 Ne8 15. Qg4 Bf6 16. d4 Qb8 17. Nc4 cxd4 1/2-1/2

[Event "Wijk aan Zee (open)"]
[Site "?"]
[Date "1993.??.??"]
[Round "?"]
[White "Salov, V."]
[Black "Oll, l"]
[Result "1-0"]
[WhiteElo "2660"]
[BlackElo "2585"]
[PlyCount "135"]
[EventDate "1993.??.??"]
[Source "ChessBase"]
[SourceDate "1992.10.01"]

1. Nf3 d5 2. c4 e6 3. g3 Nf6 4. Bg2 dxc4 5. Qa4+ Nbd7 6. Qxc4 c5 7. Qb3 Rb8 8. d3 Bd6 9. a4 b6 10. Na3 a6 11. Nc4 Bc7 12. Bd2 O-O 13. O-O Bb7 14. Rfc1 b5 15. axb5 axb5 16. Na5 Bd5 17. Qc2 Ra8 18. b4 Bxa5 19. bxa5 b4 20. a6 Qb6 21. e4 b3 22. Qb2 Bc6 23. Ra3 Rxa6 24. Rxb3 Qa7 25. h3 Ra2 26. Qc3 Qa6 27. Be3 Ba4 28. Ra3 Rxa3 29. Qxa3 Bb5 30. Qxa6 Bxa6 31. Bf1 Rc8 32. Ra1 Rc6 33. Nd2 h6 34. f4 e5 35. Kf2 Ne8 36. Ra5 Nd6 37. fxe5 Nb7 38. Ra3 Nxe5 39. Bf4 Nd7 40. h4 Nf8 41. e5 Rb6 42. Nc4 Bxc4 43. dxc4 Nd8 44. Ra8 Nde6 45. h5 Kh7 46. Ra7 g5 47. Be3 Kg7 48. Bd3 Rb2+ 49. Kf1 Rb3 50. Ke2 Rb2+ 51. Kf1 Rb3 52. Ke2 Rb2+ 53. Ke1 Rg2 54. Bf5 Rh2 55. g4 Rh3 56. Kf2 Rh2+ 57. Ke1 Rh3 58. Kf2 Rh2+ 59. Kg3 Rb2 60. Be4 Rb3 61. Kf2 Rb2+ 62. Kf3 Rb3 63. Bd5 Nd8 64. Ke4 Nfe6 65. Ra5 Rc3 66. Bxc5 Rg3 67. Be7 Rxg4+ 68. Ke3 1-0

[Event "BBC TV Master Game"]
[Site "England"]
[Date "1977.??.??"]
[Round "?"]
[White "Karpov, Anatoly"]
[Black "Miles, Anthony J"]
[Result "1/2-1/2"]
[WhiteElo "2690"]
[BlackElo "2555"]
[PlyCount "96"]
[EventDate "1977.??.??"]
[Source "www.chesslib.no"]
[SourceDate "2004.05.04"]

1. c4 e6 2. Nf3 Nf6 3. g3 d5 4. Bg2 dxc4 5. Qa4+ Nbd7 6. Qxc4 c5 7. O-O a6 8. a4 b6 9. Rd1 Bb7 10. Nc3 Be7 11. d4 Rc8 12. Bg5 cxd4 13. Qxd4 h6 14. Be3 Bc5 15. Qd2 Qe7 16. Bxc5 Nxc5 17. Qf4 O-O 18. Qd6 Qc7 19. Qxc7 Rxc7 20. Rd6 Bc6 21. Ne5 Bxg2 22. Kxg2 Rb8 23. Rad1 Nfe4 24. Nxe4 Nxe4 25. R6d4 Nc5 26. Rc4 f6 27. Nf3 Rbc8 28. Rd6 b5 29. axb5 axb5 30. Rb4 Rb7 31. Nd4 Kf7 32. Nc6 Ke8 33. Na5 Rbb8 34. f4 f5 35. Rbd4 Kf7 36. Nc6 Ra8 37. b4 Ne4 38. Rd7+ Kf8 39. Nd8 Ra6 40. Rf7+ Kg8 41. Re7 Ra2 42. Nxe6 Rxe2+ 43. Kf3 Rxh2 44. Rxg7+ Kh8 45. Rc7 Rg8 46. Rd8 Rxd8 47. Nxd8 Nd2+ 48. Ke3 Nf1+ 1/2-1/2

[Event "2nd IECC, Ohrid MKD"]
[Site "?"]
[Date "2001.??.??"]
[Round "9"]
[White "Tkachiev, V."]
[Black "Gyimesi, Z."]
[Result "1/2-1/2"]
[WhiteElo "2670"]
[BlackElo "2570"]
[PlyCount "71"]
[EventDate "2001.??.??"]
[Source "www.chesslib.no"]
[SourceDate "2004.05.04"]

1. Nf3 d5 2. c4 e6 3. g3 dxc4 4. Bg2 Nd7 5. Qc2 Nb6 6. Na3 Bxa3 7. bxa3 Nf6 8. Ne5 O-O 9. Bb2 Nfd5 10. Nxc4 Nxc4 11. Qxc4 Bd7 12. O-O Bc6 13. Rab1 Qd7 14. Ba1 Rad8 15. Rfc1 Rfe8 16. d4 Qe7 17. e4 Nb6 18. Qb3 Rd7 19. Re1 Qf8 20. Bh3 Rdd8 21. Rbc1 Kh8 22. f3 Nd7 23. Bc3 Qd6 24. Rcd1 Nb6 25. Bb4 Qd7 26. Qc3 Ba4 27. Rd2 Qc6 28. Qa1 Nc4 29. Rde2 e5 30. d5 Qh6 31. Bf1 c6 32. dxc6 Bxc6 33. Qc1 Qe6 34. Rc2 Nd6 35. Rd2 Nb5 36. Bxb5 1/2-1/2

[Event "4th IECC"]
[Site "Istanbul"]
[Date "2003.06.10"]
[Round "10"]
[White "Lputian, Smbat"]
[Black "Galkin, Alexander"]
[Result "0-1"]
[WhiteElo "2638"]
[BlackElo "2591"]
[PlyCount "90"]
[EventDate "2003.05.30"]
[Source "Roberto Alvarez"]
[SourceDate "2003.06.23"]

1. Nf3 d5 2. c4 e6 3. e3 Nf6 4. b3 b6 5. Bb2 Bb7 6. Nc3 Nbd7 7. Rc1 dxc4 8. Bxc4 a6 9. a4 Bd6 10. d4 O-O 11. O-O Qe7 12. d5 exd5 13. Nxd5 Nxd5 14. Bxd5 Bxd5 15. Qxd5 Nc5 16. Rc4 Rad8 17. Qh5 f5 18. Rh4 g6 19. Qh6 Ne4 20. h3 Rd7 21. g3 Qf7 22. g4 Qxb3 23. gxf5 Qxb2 24. Rxe4 gxf5 25. Qe6+ Rdf7 26. Rd4 Kh8 27. Re1 f4 28. exf4 Bxf4 29. Qe2 Qxe2 30. Rxe2 Bd6 31. Ne5 Bxe5 32. Rxe5 Rxf2 33. Re7 R2f7 34. Rdd7 Rxe7 35. Rxe7 Rf4 36. a5 Ra4 37. Rxc7 Rxa5 38. Rb7 Rb5 39. Ra7 a5 40. Kf2 Kg8 41. h4 h5 42. Ke3 Kf8 43. Kd3 Ke8 44. Rg7 Kd8 45. Kc3 Rb4 0-1

[Event "Redbus Knockout"]
[Site "London"]
[Date "2000.??.??"]
[Round "1.1"]
[White "King, Daniel J"]
[Black "Adams, Michael"]
[Result "0-1"]
[WhiteElo "2514"]
[BlackElo "2715"]
[PlyCount "200"]
[EventDate "2000.04.21"]
[Source "ChessBase"]
[SourceDate "2000.05.31"]

1. Nf3 Nf6 2. c4 e6 3. g3 d5 4. Bg2 dxc4 5. Qa4+ c6 6. Qxc4 b5 7. Qb3 Bb7 8. O-O Nbd7 9. d4 a6 10. a4 c5 11. axb5 Bd5 12. Qc2 Be4 13. Qd1 axb5 14. Rxa8 Qxa8 15. Bg5 cxd4 16. Bxf6 Nxf6 17. Qxd4 Be7 18. Qb6 Qb7 19. Qxb7 Bxb7 20. Nd4 Bxg2 21. Kxg2 b4 22. Nd2 Kd7 23. Nc4 Rd8 24. Ra1 Ke8 25. Nc6 Rc8 26. N6e5 Bc5 27. Nd3 Be7 28. b3 Nd5 29. f4 Nc3 30. e3 Nb5 31. Ra6 Na3 32. Nd6+ Bxd6 33. Rxd6 Nc2 34. Kf3 Rc3 35. Ke2 Rxb3 36. Rb6 Ra3 37. Nxb4 Nxb4 38. Rxb4 Ra2+ 39. Kf3 Rxh2 40. Rb7 h5 41. Rb8+ Ke7 42. Rh8 Kf6 43. Rh7 Kg6 44. Rh8 Rh1 45. Kg2 Ra1 46. Kf3 Ra3 47. Kf2 f6 48. Kf3 Rb3 49. Ke4 e5 50. fxe5 Rb4+ 51. Kf3 fxe5 52. Re8 Kf6 53. Rf8+ Kg5 54. Re8 e4+ 55. Rxe4 Rxe4 56. Kxe4 Kg4 57. Kd4 Kxg3 58. e4 h4 59. e5 h3 60. e6 h2 61. e7 h1=Q 62. e8=Q Qd1+ 63. Kc3 Qf3+ 64. Kb4 g5 65. Ka5 g4 66. Qe1+ Kh3 67. Qe6 Qf4 68. Qd7 Qe5+ 69. Ka6 Kh4 70. Qh7+ Kg5 71. Qg8+ Kf4 72. Qc4+ Qe4 73. Qc1+ Qe3 74. Qc4+ Kf3 75. Qd5+ Kf2 76. Qf5+ Qf3 77. Qc5+ Kg2 78. Qc2+ Kg1 79. Ka5 Qd5+ 80. Ka6 Qe6+ 81. Ka7 Qf7+ 82. Kb8 Qf4+ 83. Kc8 g3 84. Qd1+ Qf1 85. Qd4+ Kh2 86. Qe5 Qh3+ 87. Kb8 Qh6 88. Ka8 Qf8+ 89. Ka7 Kg2 90. Kb7 Qb4+ 91. Ka8 Kf3 92. Qf5+ Qf4 93. Qd3+ Qe3 94. Qf5+ Ke2 95. Qc2+ Kf1 96. Qf5+ Qf2 97. Qd3+ Kg2 98. Kb8 Qf8+ 99. Ka7 Kh2 100. Qe2+ Qf2+ 0-1

[Event "1st League TCh-SCG"]
[Site "Budva"]
[Date "2003.09.01"]
[Round "4"]
[White "Neverov, Valeriy"]
[Black "Aleksandrov, Aleksej"]
[Result "0-1"]
[WhiteElo "2566"]
[BlackElo "2659"]
[PlyCount "38"]
[EventDate "2003.08.29"]
[Source "Roberto Alvarez"]
[SourceDate "2003.10.27"]

1. Nf3 Nf6 2. c4 e6 3. g3 a6 4. Nc3 d5 5. cxd5 exd5 6. d4 Bd6 7. Bg5 c6 8. Bg2 Nbd7 9. O-O O-O 10. Qc2 h6 11. Bf4 Bxf4 12. gxf4 Ne8 13. Kh1 Nd6 14. e3 Nf6 15. Ne5 Nf5 16. Kg1 Nh4 17. f3 Ne8 18. Qf2 Nxg2 19. Kxg2 Be6 0-1

[Event "Rakvere"]
[Site "?"]
[Date "1993.??.??"]
[Round "?"]
[White "Hodgson, Ju"]
[Black "Rozentalis, E."]
[Result "1-0"]
[WhiteElo "2625"]
[BlackElo "2600"]
[PlyCount "67"]
[EventDate "1993.??.??"]
[Source "ChessBase"]
[SourceDate "1993.10.01"]

1. c4 e6 2. Nc3 Bb4 3. e4 Ne7 4. d4 d5 5. e5 c5 6. a3 Bxc3+ 7. bxc3 Nbc6 8. Nf3 O-O 9. Bd3 h6 10. O-O dxc4 11. Bxc4 cxd4 12. cxd4 b6 13. Qd3 Bb7 14. Ba2 Ng6 15. d5 Nce7 16. d6 Bxf3 17. Qxf3 Nxe5 18. Qg3 Qxd6 19. Bb2 f6 20. Rad1 Nd5 21. Rfe1 Rae8 22. f4 Nc6 23. f5 Qc5+ 24. Qf2 Qxf2+ 25. Kxf2 Ne5 26. fxe6 Ne7 27. Rd7 Kh8 28. Kg1 N7c6 29. Bxe5 fxe5 30. Rd6 Nd8 31. Rxd8 Rxd8 32. e7 Rfe8 33. exd8=Q Rxd8 34. Rxe5 1-0